AFI's Top 100 Movie Quotes - Statistics

General Stats
  • This quiz has been taken 89 times
  • The average score is 54 of 100
Answer Stats
Movie Quote % Correct
Gone with the Wind (1939) {Frankly}, my dear, I don't give a {damn}.
92%
Star Wars (1977) May the {Force} be with you.
90%
The Wizard of Oz (1939) {Toto}, I've got a feeling we're not in {Kansas} anymore.
89%
Taxi Driver (1976) You {talking} to me?
89%
Apollo 13 (1995) {Houston}, we have a {problem}.
86%
Titanic (1997) I'm {king} of the {world}!
86%
The Wizard of Oz (1939) There's {no} place like {home}.
86%
E.T.: The Extra-Terrestrial (1982) E.T. {phone} {home}.
85%
When Harry Met Sally (1989) I'll have what {she's} {having}.
85%
The Sixth Sense (1999) I see {dead} {people}.
85%
Frankenstein (1931) It's {alive}! It's {alive}!
85%
The Godfather II (1974) Keep your {friends} close, but your {enemies} closer.
85%
The Shining (1980) Here's {Johnny}!
82%
The Terminator (1984) I'll be {back}.
82%
Apocalypse Now (1979) I love the smell of {napalm} in the {morning}.
82%
Dr. No (1963) {Bond}. James {Bond}.
80%
Citizen Kane (1941) {Rose}bud
79%
Casablanca (1942) Here's {looking} at you, {kid}.
77%
The Godfather (1972) I'm gonna {make} him an {offer} he can't {refuse}.
77%
Scarface (1983) Say "hello to my {little} {friend}!
77%
Bonnie and Clyde (1967) We {rob} banks.
77%
Terminator 2: Judgement Day (1991) {Hasta} la vista, {baby}.
76%
Jaws (1975) {You're} gonna need a {bigger} boat.
76%
The Graduate (1967) Mrs. {Robinson}, you're trying to {seduce} me. Aren't you?
75%
Love Story (1970) {Love} means never having to say you're {sorry}.
73%
Dirty Dancing (1987) Nobody puts {Baby} in a {corner}.
73%
Jerry Maguire (1996) {Show} me the {money}!
73%
Rocky (1976) Yo, {Adrian}!
73%
Sudden Impact (1983) Go {ahead}, make my {day}.
72%
Top Gun (1986) I feel the {need}- the {need} for {speed}.
72%
Forrest Gump (1994) {Mama} always said life was like a box of {chocolates}. You never know what you're gonna {get}.
72%
The Lord of the Rings: Two Towers (2002) My {precious}.
72%
A Few Good Men (1992) You can't {handle} the {truth}!
72%
Goldfinger (1964) A {martini}. {Shaken}, not stirred.
69%
Jerry Maguire (1996) You {had} me at "{hello}."
69%
The Adventures of Sherlock Holmes (1939) {Elementary}, my dear {Watson}.
68%
Field of Dreams (1989) If you {build} it, he will {come}.
68%
Animal House (1978) Toga! {Toga}!
68%
A League of Their Own (1992) There's no {crying} in {baseball}!
66%
Dirty Harry (1971) You've got to ask yourself one {question}: 'Do I feel {lucky}?' Well, do ya, {punk}
63%
Psycho (1960) A {boy's} best {friend} is his {mother}.
62%
Cool Hand Luke (1967) What we've got here is a {failure} to {communicate}.
61%
Dog Day Afternoon (1975) {Attica}! Attica!
59%
Wall Street (1987) {Greed}, for lack of a better {word}, is {good}.
58%
A Streetcar Named Desire (1951) {Stella}! Hey {Stella}!
58%
Airplane! (1980) Striker: Surely you can't be {serious}Rumack: I am {serious}... and don't call me {Shirley}
58%
The Pride of the Yankees (1942) Today, I consider myself the {luckiest} man on the face of the {earth}.
56%
The Silence of the Lambs (1991) I ate his {liver} with some {fava} beans and a nice {Chianti}.
55%
Midnight Cowboy (1969) I'm {walking} here! I'm {walking} here!
55%
Moonstruck (1987) {Snap} out of it!
55%
Network (1976) I'm as {mad} as hell, and I'm not going to take this {anymore}!
52%
Annie Hall (1977) La-{dee}-da, la-{dee}-da.
52%
Dr. Strangelove (1964) {Gentlemen}, you can't fight in here! This is the {war} room!
51%
Sunset Blvd. (1950) All right, Mr. {DeMille}, I'm ready for my {close-up}.
49%
The Wizard of Oz (1939) I'll get you, {my} {pretty}, and your little {dog}, too!
49%
Poltergeist (1982) {They're} here!
49%
Gone with the Wind (1939) After all, {tomorrow} is {another} day!
48%
All About Eve (1950) {Fasten} your seatbelts. It's going to be a bumpy {night}.
48%
The Naughty Nineties (1945) Who's on {first}.
46%
White Heat (1949) Made it, {Ma}! Top of the {world}!
44%
Mommie Dearest (1981) No wire {hangers}, ever!
44%
A Street Car Named Desire (1951) I have always {depended} on the {kindness} of strangers.
42%
Casablanca (1942) Round up the {usual} {suspects}.
42%
In the Heat of the Night (1967) They call me {Mr. Tibbs}!
42%
To Have and Have Not (1944) You know how to {whistle}, don't you, Steve? You just put your {lips} together and {blow}.
42%
Chinatown (1974) Forget it, {Jake}, it's Chinatown.
41%
Shane (1953) {Shane}. {Shane}. Come back!
41%
Soylent Green (1973) Soylent Green is {people}!
41%
She Done Him Wrong (1933) Why don't you {come} up sometime and {see} me?
39%
The Treasure of the Sierra Madre (1948) {Badges}? We ain't got no {badges}! We don't need no {badges}! I don't have to show you any stinking {badges}!
37%
On Golden Pond (1981) Listen to me, mister. You're my {knight} in shining armor. Don't you forget it. You're going to get back on that {horse}, and I'm going to be right behind you, holding on {tight}, and away we're gonna go, go, go!
37%
2001: A Space Odyssey (1968) Open the {pod} bay doors, {HAL}.
37%
King Kong (1933) Oh, no, it wasn't the {airplanes}. It was {Beauty} killed the {Beast}.
35%
Knute Rockne, All American (1940) Tell 'em to go out there with all they got and win just one for the {Gipper}.
35%
The Jazz Singer (1927) Wait a minute, wait a minute. You {ain't} heard {nothing} yet!
35%
Gone with the Wind (1939) As {God} as my witness, I'll never be {hungry} again.
34%
Casablanca (1942) {Louis}, I think this is the beginning of a {beautiful} {friendship}.
34%
Now, Voyager (1942) Oh Jerry, don't let's ask for the {moon}. We have the {stars}.
34%
Planet of the Apes (1968) Take your {stinking} paws off me, you damned {dirty} ape.
34%
Casablanca (1942) We'll {always} have {Paris}.
34%
On the Waterfront (1954) You don't understand! I coulda had {class}. I coulda been a {contender}. I could've been somebody, instead of a {bum}, which is what I am.
32%
The Maltese Falcon (1941) That {stuff} that {dreams} are made of.
31%
Some Like It Hot (1959) Well, {nobody's} {perfect}.
31%
Sunset Blvd. (1950) I am {big}! It's the {pictures} that got small!
28%
The Graduate (1967) Just one word. {Plastics}.
28%
Casablanca (1942) Play it, Sam. Play {As} {Time} {Goes} {By}.
28%
Funny Girl (1968) Hello, {gorgeous}.
27%
Animal Crackers (1930) One morning I shot an {elephant} in my {pajamas}. How he got in my {pajamas}, I don't know.
24%
Dracula (1931) Listen to them. {Children} of the night. What {music} they make.
23%
Grand Hotel (1932) I want to be {alone}.
21%
Casablanca (1942) Of all the {gin} joints in all the {towns} in all the {world}, she walks into mine.
21%
Beyond the Forest (1949) What a {dump}.
21%
Dead Poets Society (1989) {Carpe} {diem}. Seize the day, boys. Make your lives {extraordinary}.
18%
Caddyshack (1980) {Cinderella} story. Outta nowhere. A former greenskeeper, now, about to become the Masters champion. It looks like a mirac…It's in the {hole}! It's in the {hole}! It's in the {hole}!
18%
Marathon Man (1976) Is it {safe}?
17%
Yankee Doodle Dandy (1942) My {mother} thanks you. My {father} thanks you. My {sister} thanks you. And I thank you.
17%
Sons of the Desert (1933) Well, here's another {nice} {mess} you've gotten me into!
15%
Little Caesar (1930) Mother of {mercy}, is this the end of {Rico}?
10%
42nd Street (1933) Sawyer, you're going out a {youngster}, but you've got to come back a {star}!
8%
Auntie Mame (1958) Life is a {banquet}, and most poor {suckers} are starving to death!
7%
No matching quizzes found
Score Distribution
Percent of People with Each Score
Percentile by Number Answered
Your Score History
You have not taken this quiz